Norms and Politics: (Record no. 191216)

MARC details
000 -LEADER
fixed length control field 00647nam a22001817a 4500
005 - DATE AND TIME OF LATEST TRANSACTION
control field 20220823120027.0
010 ## - LCCN (DPL NO)
LC control number ENG-134539
020 ## - INTERNATIONAL STANDARD BOOK NUMBER
International Standard Book Number 9780199491445
Terms of availability 995.00
035 ## - SYSTEM CONTROL NUMBER
System control number EN-118072
037 ## - SOURCE OF ACQUISITION
Source of stock number/acquisition DBAD/PUB
082 ## - DEWEY DECIMAL CLASSIFICATION NUMBER
Classification number 342.54029
100 ## - MAIN ENTRY--PERSONAL NAME
Personal name Elangovan, Arvind
245 ## - TITLE STATEMENT
Title Norms and Politics:
Remainder of title Sir Benegal Narsing Rau in the making of the indian constitution, 1935-50/
Statement of responsibility, etc by Arvind Elangovan
260 ## - PUBLICATION, DISTRIBUTION, ETC. (IMPRINT)
Name of publisher, distributor, etc Oxford University Press
Date of publication, distribution, etc 2019
Place of publication, distribution, etc New Delhi
270 ## - ADDRESS
Address 2/11 Ground floor, Ansari Road, Daryaganj
City New Delhi
Postal code 110002
300 ## - PHYSICAL DESCRIPTION
Extent ix; 261p.
Other physical details Index, Bibliography
Dimensions 22cm(hb)
942 ## - ADDED ENTRY ELEMENTS (KOHA)
Source of classification or shelving scheme Dewey Decimal Classification
Item type English Books
Classification part 342.54029
Call number suffix ELA
Holdings
Withdrawn status Lost status Not for loan Collection code Home library Current library Date acquired Source of acquisition Cost, normal purchase price Full call number Barcode Copy number Cost, replacement price Koha item type
      Non-fiction Ashok Vihar Ashok Vihar 23/08/2022 DBAD/PUB 995.00 342.54029 ELA EN-118072 1 995.00 English Books

© Delhi Public Library
Hit Counter
free hit counter